• 首页
  • 本馆介绍
  • 公告通知
  • 最新文献
  • 馆藏检索
  • 电子资源
  • 读者导购
  • 参考咨询
  • 我的图书馆
  • 登录
  • 详细信息显示
  • 放入我的书架
  • 预约/预借图书
  • 作者相关作品
  • 分类相关作品
  • 丛书相关作品
  • 出版社相关作品

书目信息

  • 表格格式
  • 工作单格式
  • 卡片格式
题名:
晶体管收音机的特殊电路
    
 
作者: ;上海无线电二厂 编
分册:  
出版信息: 上海   上海科学技术出版社  1979
页数: 186页
开本: 19cm
丛书名:
单 册:
中图分类: TN854
科图分类:
主题词: 半导体收音机-电子电路 , 电子电路-半导体收音机
电子资源:
ISBN:
000 00728nam0 2200241 45
001 0179006123
005 20060722110321.40
010    @dCNY0.36
091    @a15119.2017
100    @a19950728d1979 em y0chiy0121 ea
101 0  @achi
102    @aCN@b310000
105    @ay z 000yy
200 10 @a晶体管收音机的特殊电路@Ajing ti guan shou yin ji de te shu dian lu@f上海无线电二厂编@Fshang hai wu xian dian er chang bian
205    @a新1版
210    @a上海@c上海科学技术出版社@d1979
215    @a186页@d19cm
606    @a半导体收音机-电子电路
606    @a电子电路-半导体收音机
690    @aTN854@v3 
711 02 @a上海无线电二厂@Ashang hai wu xian dian er chang@4编
801  0 @aCN@bNLC@c20060722
905    @dTN854@e2=2
    
    晶体管收音机的特殊电路/上海无线电二厂编.-新1版.-上海:上海科学技术出版社,1979
    186页;19cm
    
    
    ISBN :CNY0.36
    
●
相关链接 在E读中查询图书 在五车中查询图书 在当当中查询图书 在豆瓣中查询图书


正题名:晶体管收音机的特殊电路     索取号:TN854/2=2         预约/预借

序号 登录号 条形码 馆藏地/架位号 状态 备注
1 0008851   001322269   第三借阅区/ [索取号:TN854/2=2] 在馆    
2 0008852   001322278   第三借阅区/ [索取号:TN854/2=2] 在馆    
3 0008854   001322241   第三借阅区/ [索取号:TN854/2=2] 在馆    
4 0008855   001322214   第三借阅区/ [索取号:TN854/2=2] 在馆    
5 0028094   001322223   第二样本阅览室/ [索取号:TN854/2=2] 在馆    
6 0028096   001322232   第三借阅区/ [索取号:TN854/2=2] 在馆    
7 0420856   204208561   密集书库/ [索取号:TN854/2=2] 在馆    
8 0438087   204380874   密集书库/ [索取号:TN854/2=2] 在馆    
9 0438124   204381249   密集书库/ [索取号:TN854/2=2] 在馆    
唐山师范学院图书馆 欢迎您!
大连网信软件有限公司© 版权所有